LIBRARY & INFORMATION CENTRE, KCAET, TAVANUR

ONLINE PUBLIC ACCESS CATALOGUE (OPAC)

EVALUATION OF MICROFILTRATION OF TENDER COCONUT WATER (Record no. 17721)

MARC details
000 -LEADER
fixed length control field 00458nam a22001577a 4500
003 - CONTROL NUMBER IDENTIFIER
control field OSt
082 ## - DEWEY DECIMAL CLASSIFICATION NUMBER
Classification number 664
Item number AIS
088 ## - REPORT NUMBER
Report number 583
100 ## - MAIN ENTRY--AUTHOR NAME
Personal name AISWARYA.E S
-- AJSAR MUHAMMED RAFEEQ
-- ARJUN RAJ. M P
-- DARSHANA.M.NAIR
245 ## - TITLE STATEMENT
Title EVALUATION OF MICROFILTRATION OF TENDER COCONUT WATER
260 ## - PUBLICATION, DISTRIBUTION, ETC. (IMPRINT)
Place of publication TAVANUR
Name of publisher DEPARTMENT OF PROCESSING AND FOOD ENGINEERING
Year of publication 2023
300 ## - PHYSICAL DESCRIPTION
Number of Pages 62
700 ## - ADDED ENTRY--PERSONAL NAME
Personal name PRINCE. M V
700 ## - ADDED ENTRY--PERSONAL NAME
Personal name ANN ANNIE SHAJU
942 ## - ADDED ENTRY ELEMENTS (KOHA)
Koha item type Project Report
Holdings
Collection code Home library Current library Full call number Accession Number Koha item type
Reference KAUAET KAUAET 664 AIS P 583 Project Report
free website counter